LEADER 03676nam 2200625 450 001 9910826736203321 005 20230808192152.0 010 $a1-61811-423-9 024 7 $a10.1515/9781618114235 035 $a(CKB)3710000000616188 035 $a(EBL)4454561 035 $a(SSID)ssj0001675247 035 $a(PQKBManifestationID)16489326 035 $a(PQKBTitleCode)TC0001675247 035 $a(PQKBWorkID)15022258 035 $a(PQKB)11239399 035 $a(MiAaPQ)EBC4454561 035 $a(DE-B1597)540810 035 $a(OCoLC)1135586060 035 $a(DE-B1597)9781618114235 035 $a(Au-PeEL)EBL4454561 035 $a(CaPaEBR)ebr11210859 035 $a(CaONFJC)MIL907334 035 $a(OCoLC)950904967 035 $a(EXLCZ)993710000000616188 100 $a20160526h20162016 uy 0 101 0 $aeng 135 $aur|nu---|u||u 181 $ctxt 182 $cc 183 $acr 200 14$aThe parting of the ways $ehow esoteric Judaism and Christianity influenced the psychoanalytic theories of Sigmund Freud and Carl Jung /$fRichard Kradin 210 1$aBoston, Massachussetts :$cAcademic Studies Press,$d2016. 210 4$dİ2016 215 $a1 online resource (255 p.) 225 1 $aPsychoanalysis and Jewish Life 300 $aDescription based upon print version of record. 311 $a1-61811-422-0 320 $aIncludes bibliographical references and index. 327 $tFront matter --$tTable of Contents --$tAcknowledgements --$tPreface --$tIntroduction --$tChapter 1. Sigmund Freud: "Godless Jew" --$tChapter 2. Carl Gustav Jung: A Preacher's Son. --$tChapter 3. Anatomy of Psyche, Anatomy of Soul --$tChapter 4. The Judeo-Christian Ethic --$tChapter 5. Boundaries: Discerning What Is Holy from What Is Profane --$tChapter 6. Law and Spirit --$tChapter 7. Mysticism: Word and Image. --$tChapter 8. God and the Unconscious --$tChapter 9. Revelation and Psychoanalysis --$tChapter 10. Eros and Sexuality --$tChapter 11. The Symbolic Realm --$tChapter 12. Dreams and Midrash --$tChapter 13. Transference: Personal or Not? --$tChapter 14. Trauma, Psychopathology, and Jewish Mysticism --$tChapter 15. Obsessionality and Historical Traumas --$tChapter 16. Master and Disciple --$tChapter 17. Losing Oneself: Narcissism and Bitul --$tChapter 18. Oedipus and Supersession --$tChapter 19. Psychoanalysis and Altered States --$tConclusion --$tFigure Legends --$tReferences --$tIndex 330 $aThe Enlightenment signaled diminished popular reliance on the religious "cure of the soul," and witnessed the emergence of psychoanalysis. From its inception, Freud's psychoanalysis was accused of being a "Jewish science," and he countered by including non-Jewish Swiss psychiatrists in his movement. Carl Jung eventually broke with Freud due to differences concerning psychoanalytical theory and practice. This text explores the religious underpinnings of psychoanalysis, contrasting the textual and mystical traditions of Judaism with those of Christianity. It convincingly demonstrates that differences in the fundamental tenets of Judaism and Christianity have had a profound and continued influence on psychoanalysis. 410 0$aPsychoanalysis and Jewish life. 606 $aPsychoanalysis and religion 606 $aChristianity$xPsychological aspects 615 0$aPsychoanalysis and religion. 615 0$aChristianity$xPsychological aspects. 676 $a150.1/952 700 $aKradin$b Richard L.$0850845 801 0$bMiAaPQ 801 1$bMiAaPQ 801 2$bMiAaPQ 906 $aBOOK 912 $a9910826736203321 996 $aThe parting of the ways$93954239 997 $aUNINA LEADER 01509nam0 22003493i 450 001 VAN00271140 005 20250923103059.282 017 70$2N$a9783662658864 100 $a20240205d2023 |0itac50 ba 101 $aeng 102 $aDE 105 $a|||| ||||| 181 $ai$b e 182 $ab 183 $acr 200 1 $aTraces of the Ice Age$eLandscape Forms in Central Europe$fWolfgang Fraedrich 210 $aBerlin$cSpringer$d2023 215 $aIX, 151 p.$c1 b/w illustrations, 78 illustrations in colour$d24 cm 620 $dBerlin$3VANL000066 676 $a632.1$cDanni causati da fattori ambientali. Cambiamenti climatici$v22 676 $a551$cGeologia, idrogeologia, meteorologia$v22 676 $a551.41$cGeomorfologia$v22 700 1$aFraedrich$bWolfgang$3VANV222716$0999991 712 $aSpringer $3VANV108073$4650 801 $aIT$bSOL$c20250926$gRICA 856 4 $uhttps://link.springer.com/openurl?genre=book&isbn=978-3-662-65886-4$zE-book - Accesso al full-text attraverso riconoscimento IP di Ateneo, proxy e/o Shibboleth 899 $aBIBLIOTECA DEL DIPARTIMENTO DI SCIENZE E TECNOLOGIE AMBIENTALI BIOLOGICHE E FARMACEUTICHE$1IT-CE0101$2VAN17 912 $fN 912 $aVAN00271140 950 $aBIBLIOTECA DEL DIPARTIMENTO DI SCIENZE E TECNOLOGIE AMBIENTALI BIOLOGICHE E FARMACEUTICHE$d17CONS e-book 2310 $e17BIB2310/238 238 20240205 996 $aTraces of the Ice Age$93398462 997 $aUNICAMPANIA